000
00236nam a2200097Ia 4500
001
682312
005
20250826161416.0
008
250824s9999 xx 000 0 und d
245
0
_a
GÜNEŞE DÖN YÜZÜNÜ
_c
AYŞE KULİN
260
_b
EVEREST
999
_c
682312
_d
682312